More Better Matters/ (Record no. 211893)

MARC details
000 -LEADER
fixed length control field 00631nam a22002057a 4500
005 - DATE AND TIME OF LATEST TRANSACTION
control field 20250620153019.0
010 ## - LCCN (DPL NO)
LC control number ENG-145517
020 ## - INTERNATIONAL STANDARD BOOK NUMBER
International Standard Book Number 9788179664957
Terms of availability 75.00
035 ## - SYSTEM CONTROL NUMBER
System control number EN-129049
037 ## - SOURCE OF ACQUISITION
Source of stock number/acquisition DBAD
082 ## - DEWEY DECIMAL CLASSIFICATION NUMBER
Classification number 158.1
Edition number 2
Item number 1
100 ## - MAIN ENTRY--PERSONAL NAME
Personal name Barathi, K V Muruga
245 ## - TITLE STATEMENT
Title More Better Matters/
Statement of responsibility, etc K V Muruga Barathi
250 ## - EDITION STATEMENT
Edition statement 2
260 ## - PUBLICATION, DISTRIBUTION, ETC. (IMPRINT)
Place of publication, distribution, etc Chennai
Name of publisher, distributor, etc Olivannan Gopalakrishnan
Date of publication, distribution, etc 2019
270 ## - ADDRESS
Address 15A, first floor Casa major road
City Chennai
Electronic mail address info@emerlandpublishers.com
Postal code 600008
300 ## - PHYSICAL DESCRIPTION
Extent 56p.
Dimensions 22cm(pb)
700 ## - ADDED ENTRY--PERSONAL NAME
Personal name Snorrason, Gylfi K.
9 (RLIN) 82203
942 ## - ADDED ENTRY ELEMENTS (KOHA)
Source of classification or shelving scheme Dewey Decimal Classification
Item type English Books
Classification part 158.1
Call number suffix BAR
Edition 2
Holdings
Withdrawn status Lost status Not for loan Collection code Home library Current library Date acquired Source of acquisition Cost, normal purchase price Full call number Barcode Copy number Cost, replacement price Koha item type
      Non-fiction Ashok Vihar Ashok Vihar 20/06/2025 DBAD 75.00 158.1 BAR EN-129049 1 75.00 English Books

© Delhi Public Library
Hit Counter
free hit counter